विद्रोह की चिंगारियां : (Record no. 114607)

MARC details
000 -LEADER
fixed length control field 01105nam a22002537a 4500
005 - DATE AND TIME OF LATEST TRANSACTION
control field 20170124103011.0
010 ## - LIBRARY OF CONGRESS CONTROL NUMBER
LC control number B-017195
020 ## - INTERNATIONAL STANDARD BOOK NUMBER
Terms of availability 130.00
International Standard Book Number 818730300
035 ## - SYSTEM CONTROL NUMBER
System control number B-017195
037 ## - SOURCE OF ACQUISITION
Source of stock number/acquisition Cen Lib/Ret
040 ## - CATALOGING SOURCE
Original cataloging agency DPL
Language of cataloging HN
082 ## - DEWEY DECIMAL CLASSIFICATION NUMBER
Classification number
Item number थपलि
100 ## - MAIN ENTRY--PERSONAL NAME
Personal name थपलिया, हरिप्रसाद
9 (RLIN) 57530
245 ## - TITLE STATEMENT
Title विद्रोह की चिंगारियां :
Statement of responsibility, etc हरिप्रसाद थपलिया
Remainder of title एतिहासिक उपन्यास /
246 ## - VARYING FORM OF TITLE
Title proper/short title Vidroh ki chingariyan : etihasik upanyas /
Remainder of title by Hariprasad Thapliya
260 ## - PUBLICATION, DISTRIBUTION, ETC. (IMPRINT)
Place of publication, distribution, etc दिल्ली
Name of publisher, distributor, etc साहित्य केंद्र प्रकाशन
Date of publication, distribution, etc 1994
270 ## - ADDRESS
Address ई-5/20, कृष्ण नगर
City दिल्ली
Postal code 110051
300 ## - PHYSICAL DESCRIPTION
Extent 134पृ.
Dimensions 20सेमी(सजिल्द )
650 ## - SUBJECT ADDED ENTRY--TOPICAL TERM
Topical term or geographic name as entry element हिंदी साहित्य
General subdivision
Geographic subdivision
9 (RLIN) 57531
650 ## - SUBJECT ADDED ENTRY--TOPICAL TERM
Topical term or geographic name as entry element हिंदी उपन्यास
9 (RLIN) 57532
650 ## - SUBJECT ADDED ENTRY--TOPICAL TERM
Topical term or geographic name as entry element Hindi literature
Form subdivision
9 (RLIN) 57533
650 ## - SUBJECT ADDED ENTRY--TOPICAL TERM
Topical term or geographic name as entry element Hindi fiction
9 (RLIN) 27248
942 ## - ADDED ENTRY ELEMENTS (KOHA)
Source of classification or shelving scheme Dewey Decimal Classification
Koha item type Hindi Books
Classification part
Call number suffix थपलि
Holdings
Withdrawn status Lost status Damaged status Not for loan Home library Current library Date acquired Source of acquisition Cost, normal purchase price Total Checkouts Full call number Barcode Date last seen Copy number Cost, replacement price Price effective from Koha item type Public note
Written off       Central Library Central Library 18/08/2015 Cen Lib/Ret 130.00   उ थपलि B-017195 18/08/2015 1 130.00 18/08/2015 Hindi Books Written off on approval by DLB (By Circulation); dtd 15-06-2023

© Delhi Public Library
Hit Counter
free hit counter